000 00689nam a2200205Ia 4500
003 GCL
008 140319s9999 xx 000 0 ara d
040 _aGCL /
_cGCL
082 0 4 _a302
_bو د
100 1 _aوليامز،سوزان
245 1 0 _aدليل اوكسفام للتدريب على الجندر /
_cوليامز،سوزان
250 _aالاولى
260 _aسوريا :
_bدار المدى للثقافة والنشر ،
_c2000
300 _a2 مج ؛
_c24 سم
650 0 4 _aالسلوك الاجتماعى
650 0 4 _aالاجتماع، علم
650 0 4 _aالتفاعل الاجتماعى
650 0 4 _aالاتجاه الاجتماعى
942 _2ddc
_cBK
999 _c6466
_d6466